| 000 | 00693nam a22002537a 4500 | ||
|---|---|---|---|
| 003 | UA-OsUOA | ||
| 001 | 60177 | ||
| 007 | ta | ||
| 008 | 20090507b un ||||| |||| 00| 0 ukr d | ||
| 100 | _aКрупник А. | ||
| 090 |
_a004.4 _bК84 |
||
| 942 | _cBK | ||
| 040 |
_aUA-OsUOA _brus _cUA-OsUOA _dUA-OsUOA |
||
| 245 | _aБазопасность домешнего ПК | ||
| 300 | _a256 с. | ||
| 955 | _a2 | ||
| 041 | _arus | ||
| 080 | _a004.4 | ||
| 020 | _a978-5-94157-938-9 | ||
| 260 |
_aСПб _bБХВ-Петербург _c2007 |
||
| 246 | 3 | 1 |
_aНародные советы _n |
| 650 | 7 |
_a00 Загальні питання науки і культури _2UDC |
|
| 999 |
_c346431 _d346431 |
||